Регионална библиотека "Любен Каравелов" - Русе

Държавата през ранните времена (Запис номер 18938)

MARC детайли
000 -Лидер
Контролно поле с фиксирана дължина 02233nam a2200385 c 4500
003 - Код на организацията, давaща контролен номер
Контролно поле BLK
005 - Дата и час на последна редакция
Контролно поле 20180420215418.0
008 - Елементи от данни с фиксирана дължина
fixed length control field 180413b bul|||||r ||||||| ||bul||
010 ## - Наследен системен номер
LC control number KNG00021022000
020 ## - Международен стандартен номер на книга ISBN
Международен стандартен номер на книга ISBN 954-607-098-X
-- издат.: ЛИК
040 ## - Източник на каталожния запис
Идентификатор на билиотеката - собственик на записа BLK
041 ## - Код за език
Код за езика на текст/звукозапис или на отделно заглавие Български
Код за езика КДБФ Български
080 ## - УДК
Текстов определител УДК Начални форми на власт. Исторически форми на власт и управление
УДК код - определител по УДК 321.1
УДК определител
УДК - код + определител 321.1
080 ## - УДК
Текстов определител УДК Държава. Структура на държавите - Държава като юридическа личност. Отличителни знаци (име, химн, герб, знаме). Политически дуализъм, федерализъм, административно-териториално разделение, съюз
УДК код - определител по УДК 342.2
УДК определител (091)
УДК - код + определител 342.2(091)
100 1# - Редна дума - Автор
Автор Херцог, Роман
Авторска отговорност първи автор
R(LIN) 263346
139 ## - Редно поле
Редна дума Херцог, Роман
Авторски знак Херц - Х 44
245 10 - Сведения за заглавието
Заглавие Държавата през ранните времена
Подзаглавни данни Произход и форми на управл.
Редно поле (дума) Роман Херцог; прев. от нем. Георги Стойчев Кайтазов.
257 ## - Страна на издаване
Страна на създаване/издаване Германия
260 ## - Област на издателските данни
-- София
Име на издателя, разпространителя и проч. ЛИК
Година на издаване 1997
300 ## - Физическа характеристика
Страници 416 с.
Размери/Мащаб 20 см
380 ## - Жанр
Жанр Обществени науки
490 1# - СЕРИИ (Колекции)
Име на серия Библиотека Анали XX век
490 1# - СЕРИИ (Колекции)
-- Подсерия
Име на серия Серия Власт и история
500 ## - Общи забележки
Забележка Прев. е по Staaten der Fruhzeit / Roman Herzog. - Съдържа и Указания към използваната литература м Справочник за използваните цитати. - Библиогр. с. 390-394 ; Геогр., именен показалец, показалец на понятията.
650 #4 - Допълнително описание по предмет – тема
Основно описание – тема или топоним Държава - история
9 (RLIN) 263347
650 #4 - Допълнително описание по предмет – тема
Основно описание – тема или топоним Държавно управление - история
9 (RLIN) 263348
653 ## - Ключова дума – ненормативна
Ключова дума държавна власт
653 ## - Ключова дума – ненормативна
Ключова дума държавно управление
700 1# - Други автори (авторска отговорност)
Лично име Кайтазов, Георги Стойчев
Автороска отговорност (Описва отношението между автора и произведението) прев. от нем.
9 (RLIN) 255399
852 ## - Местоположение
Форматна сигнатура Цб 194826
856 4# - Електронен адрес и достъп
Електронен формат pdf - файл
Път до файла /url/
856 4# - Електронен адрес и достъп
Електронен формат pdf - файл
Път до файла /url/
942 ## - АРТИКУЛИ
Вид на библиотечния материал Книги
Скрит в OPAC Не
944 ## - СЪЗДАВАНЕ И РЕДАКЦИЯ на ЗАПИСА
Създаване/Редакция Създаване
Дата на регистрацията/редакция 15.01.2003
Служител, извършил регистрацията/редакцията АДМИНИСТРАТОР_НА_АБ
944 ## - СЪЗДАВАНЕ И РЕДАКЦИЯ на ЗАПИСА
Създаване/Редакция Редакция
Дата на регистрацията/редакция 17.06.2004
Служител, извършил регистрацията/редакцията
999 ## - СИСТЕМНИ КОНТРОЛНИ НОМЕРА
Koha biblionumber 18938
Koha biblioitemnumber 18938
Наличности
Код за отписване Код за изгубен артикул Източник на класификационната схема Код за повреда Коз за рестрикции Код за отдаване Артикулен № Име на библиотеката - собственик Име на библиотеката, в която се намира в момента Статус (Текущо местоположение) Дата на вписване в системата Местоположение - отдел Цена в лева Инвентарен номер Систематично азбучна сигнатура Баркод Номер на екземпляра Цена в евро Служебна бележка Служебен тип на артикула
  Не е изгубен Universal Decimal Classification Не е повреден без рестрикции ползва се в читалня 31655 Регионална библиотека "Любен Каравелов" Русе Регионална библиотека "Любен Каравелов" Русе Хранилище 2001-01-01 Хранилище 5.90 639257 Цб 194826 120000639257 1 3.02 Дост: Dp Вид: Д N: стар фонд Дата: 01.01.1997 Книги
  Не е изгубен Universal Decimal Classification Не е повреден без рестрикции ползва се в читалня 31656 Регионална библиотека "Любен Каравелов" Русе Регионална библиотека "Любен Каравелов" Русе Читалня 2001-01-01 Читалня 5.90 636824 Ч 32/Х 44 120000636824 2 3.02 Дост: Pk Вид: Ф N: стар фонд Дата: 01.01.1997 Дата инв: 14.03.2017 Бележки инв: Ч2017 Книги
  Не е изгубен   Не е повреден без рестрикции заемане за дома 31657 Регионална библиотека "Любен Каравелов" Русе Регионална библиотека "Любен Каравелов" Русе Заемна - подръчен фонд 2002-11-20 Заемна - подръчен фонд 5.90 120000673355 П 32/Х 44 120000673355 3 3.02 Дост: Pk Вид: Ф N: 150 Дата: 15.11.2002 Дата инв: 02.02.2018 Бележки инв: П2018 Книги
Vip Innovations Ltd, Rousse, Bulgaria 2025